000 00559nam a2200169 a 4500
005 20140412111331.0
008 030206s19uu xx 00 eng d
050 _aM 634
_bFr94 1986
245 _aFruit.
260 _aLondon :
_bA Mushroom Book.
300 _a1 v. (unp.) ; ill.
440 _aFirst Facts, Bk. 6 Series 1
520 _aFruit bearing trees consist of branches which carry leaves, roots which grow beneath the soil and a stem of trunk.
650 _aPlants--Juvenile literature
650 _aGrowth --Juvenile literature
999 _c104928
_d104928